000
00208nam a22001097a 4500
100
_a
Brown , Dan
245
_a
The Lost Symbol
250
_a
2014
260
_b
Corgi books
300
_a
669
942
_2
ddc
_c
BK
999
_c
11274
_d
11274